| 000 | 00533nam a2200217Ia 4500 | ||
|---|---|---|---|
| 003 | OSt | ||
| 005 | 20250825164427.0 | ||
| 008 | 210210b2009 xxu||||| |||| 00| 0 eng d | ||
| 020 | _a9788131713259 | ||
| 040 | _cAL | ||
| 041 | _aeng | ||
| 082 | _a361.614 PRIH | ||
| 100 |
_aManisha Priyam _9237151 |
||
| 245 | _aHuman rights gender and the environment | ||
| 260 |
_aDelhi _bPearson _c2009 |
||
| 300 | _alxii,290p | ||
| 690 |
_aHuman Rights _9237152 |
||
| 700 |
_aMenon, Krishna _9237153 |
||
| 906 | _a066533 | ||
| 942 |
_2ddc _cBK |
||
| 999 |
_c147974 _d147974 |
||